Muslimah sejati
| Main Author: | |
|---|---|
| Format: | Book |
| Published: |
Kuala Lumpur :
Darul Nu'Man ,
1993
|
| Subjects: |
MARC
| LEADER | 00000cam a2200000 7i4500 | ||
|---|---|---|---|
| 001 | 0000003705 | ||
| 002 | 000003990 | ||
| 005 | 20000330.0 | ||
| 020 | |a 9839017454 | ||
| 090 | 0 | 0 | |a 297.5 |b MUH |
| 100 | 0 | |a Muhammad Imran | |
| 245 | 1 | 0 | |a Muslimah sejati |c Muhammad Imran |
| 260 | |a Kuala Lumpur : |b Darul Nu'Man , |c 1993 | ||
| 300 | |a 234 p. ; |c 21 cm. | ||
| 650 | 0 | 0 | |a Muslim women |
| 650 | 0 | 0 | |a Women in Islam |
| 999 | |a 00153313 |b BUKU |c PINJAMAN |e PERPUSTAKAAN KOMUNITI PETALING JAYA | ||
| 999 | |a 037158 |b BUKU |c PINJAMAN |e PERPUSTAKAAN KOMUNITI PETALING JAYA | ||